banner koha

Lobby: o que é. Como se faz / (Registro n. 8306)

MARC details
000 -LÍDER
campo de controle de tamanho fixo 02025nam a2200253 a 4500
001 - NÚMERO DE CONTROLE
campo de controle BS0003243
003 - IDENTIFICADOR DO NÚMERO DE CONTROLE
campo de controle BR-BrBNA
005 - DATA E HORÁRIO DA ÚLTIMA TRANSAÇÃO
campo de controle 20230418192247.0
008 - CAMPO DE DADOS FIXOS--INFORMAÇÃO GERAL
campo de controle de tamanho fixo 230308b |||||||| |||| 00| 0 por d
040 ## - FONTE DA CATALOGAÇÃO
Instituição da catalogação original BR-BrBNA
Idioma da catalogação por
Instituição que transcreveu o registro Biblioteca Nacional de Agricultura
041 ## - CÓDIGO DE IDIOMA
Código do idioma do texto/trilha sonora ou título diferente por
072 ## - CÓDIGO DE CATEGORIA DE ASSUNTO
Código de Categoria de Assunto B52
090 ## - NÚMERO DE CHAMADA LOCAL
Número de chamada B52 BS0003243
100 1# - ENTRADA PRINCIPAL--NOME PESSOAL
Nome pessoal Farhat, Said
245 1# - TÍTULO
Título Lobby: o que é. Como se faz /
260 3# - PUBLICAÇÃO, DISTRIBUIÇÃO, ETC.
Local de publicação, distribuição, etc. São Paulo, SP:
Nome do editor, distribuidor, etc. Editora Peirópolis, Aberje Editorial,
Data da publicação, distribuição, etc. 2007.
300 ## - DESCRIÇÃO FÍSICA
Extensão 511 p.
520 3# - NOTA DE RESUMO, ETC
Resumo, etc. A palavra lobby ganhou no Brasil conotação extremamente pejorativa. No entanto, o que ela designa é uma atividade inevitavelmente exercida em qualquer grupo social: família, escola, sindicato, igreja, governo. Fazer lobby é basicamente tentar influir sobre alguém que toma decisões para que uma decisão específica seja a mais favorável possível a uma parte interessada: o filho que argumenta com o pai (e às vezes usa a influência da mãe)para que a sua mesada aumente, o sindicato que discute com a empresa (e às vezes faz greve)para melhorar as condições de trabalho, a ONG que mostra estudos técnicos ao parlamentar (e às vezes organiza manifestações de rua)para que uma lei seja aprovada, a empresa que reivindica diminuição de impostos para seu produto por considerá-lo socialmente relevante (e às vezes mobiliza seus consumidores para se manifestarem), o país que tenta convencer os demais que deve ser membro permanente do Conselho de Segurança da ONU por ter a maior importância geopolítica na sua região (e às vezes faz concessões econômicas para agradar a um eleitor indeciso). Por que se demonizou a palavra lobby no Brasil? Porque a ela se associou a prática de procedimentos no mundo da política que nada têm de legítimo nem de legal: suborno, tráfico de influência, advocacia administrativa, gestão temerária e outros crimes.
650 ## - ASSUNTO--TERMO TÓPICO
Cabeçalho tópico ou nome geográfico POLÍTICA
650 ## - ASSUNTO--TERMO TÓPICO
Cabeçalho tópico ou nome geográfico GOVERNO
650 ## - ASSUNTO--TERMO TÓPICO
Cabeçalho tópico ou nome geográfico ÉTICA
909 ## -
-- 202304
-- Sergio Santos
-- 56
-- Sergio Santos
942 ## - ELEMENTOS DE ENTRADA ADICIONADOS (KOHA)
Tipo de material Koha Livros
Exemplares
Situação do descarte Fonte da classificação ou esquema de arquivamento na estante Situação física Não pode ser emprestado Coleção Biblioteca de origem Biblioteca atual Total de empréstimos Número de telefone completo Código de barras Data de último acesso Número do exemplar Tipo de material Koha Situação das perdas Data de aquisição Fonte de aquisição Qualificador de local codificado
  Classificação AGRIS     Acervo Cultural Biblioteca Nacional de Agricultura - Binagri Biblioteca Nacional de Agricultura - Binagri   B52 BS0003243 B52 BS0003243 12/04/2023 01 Livros   2023-04-04 Doação B52

BINAGRI

Telefone: (61)3218-2567/2388/3357/2097 - binagri@agro.gov.br

Ministério da Agricultura e Pecuária , Esplanada dos Ministérios, Bloco D, Anexo B, Brasília/DF, CEP: 70.043-900